000 00574nam a2200217Ia 4500
003 OSt
005 20220918192226.0
006 a|||||r|||| 00| 0
007 ta
008 220917b |||||||| |||| 00| 0 eng d
024 _a67,542
037 _cTextual
040 _aARTS
_cARTS
_beng
041 _2eng
_aeng
082 _aR3xM13:2, H4.1-.2
100 _aKierkegaard Soren
245 0 _aEither/or tr by David F Swensn and Lillian M Swenson
260 _c1944
942 _hR3xM13:2, H4.1-.2
_cTEXL
_2CC
999 _c193775
_d193775